Stolice Azji – Jednominutowy sprint - Statystyki

Ogólne statystyki
  • Ten quiz został rozwiązany 1 546 razy
  • Średni wynik to 18 z 48
Statystyki odpowiedzi
Stolica % Poprawnych
Pekin
90%
Tokio
90%
Seul
78%
Nowe Delhi
67%
Pjongjang
54%
Teheran
54%
Ankara
52%
Dżakarta
51%
Bangkok
49%
Bagdad
48%
Rijad
48%
Baku
46%
Jerozolima
46%
Ułan Bator
46%
Astana
44%
Hanoi
42%
Abu Zabi
40%
Tbilisi
40%
Manila
39%
Erywań
38%
Doha
36%
Singapur
36%
Damaszek
33%
Amman
32%
Bejrut
32%
Islamabad
32%
Kabul
32%
Kuala Lumpur
32%
Sana
30%
Dhaka
29%
Nikozja
29%
Tajpej
29%
Katmandu
28%
Maskat
27%
Kuwejt
26%
Biszkek
25%
Taszkent
25%
Dili
24%
Manama
23%
Wientian
22%
Duszanbe
17%
Male
17%
Phnom Penh
16%
Sri Dźajawardanapura Kotte
16%
Aszchabad
15%
Bandar Seri Begawan
15%
Thimphu
14%
Naypyidaw
10%
Nie znaleziono quizów pasujących do podanych kryteriów
Rozkład punktacji
Procent ludzi z każdym wynikiem
Percentyl według liczby udzielonych odpowiedzi
Twoja historia wyników
Nie rozwiązałeś tego quizu